Star Wars Villains Quiz - Statistics

General Stats
  • This quiz has been taken 184 times
    182 since last reset
  • The average score is 12 of 14
Answer Stats
Hint Answer % Correct
the Chosen One; slayer of Obi-Wan Kenobi and Mace Windu; redeems himself to save his son Darth Vader
99%
former Jedi Master who was trained by Yoda; slain by Anakin Skywalker Count Dooku
98%
double-sided lightsaber-wielding Zabrak Sith Lord who slays Qui-Gon Jinn Darth Maul
98%
the mastermind behind the fall of the Galactic Republic and primary founder of the Empire Darth Sidious
98%
jetpack-wearing and Beskar-armored bounty hunter who is slain by Mace Windu on Geonosis Jango Fett
98%
the son of Han Solo and Princess Leia; he sacrifices himself to save Rey Kylo Ren
98%
four-armed cyborg general of the Separatist Droid Army; slain by Obi-Wan Kenobi General Grievous
95%
Supreme Leader of the First Order; is slain by his apprentice Snoke
94%
blue-skinned gunslinging bounty hunter who outsmarts and overpowers several jedi Cad Bane
87%
blue-skinned Imperial and post-imperial commander whose archnemesis is Luke Skywalker Admiral Thrawn
77%
known as "the Wise"; "could use the Force to influence the midichlorians to create life" Darth Plagueis
77%
twin blade wielding Sith apprentice who redeems herself from the Dark Side Asajj Ventress
74%
post-imperial commander who faces off against the Mandalorian with the darksaber Moff Gideon
74%
Sith Lord who invented the Rule of Two Darth Bane
69%
No matching quizzes found
Score Distribution
Percent of People with Each Score
Percentile by Number Answered
Your Score History
You have not taken this quiz since the last reset